Districts of Azerbaijan with a Map - Statistics

General Stats
  • This quiz has been taken 8,931 times
    7,674 since last reset
  • The average score is 46 of 77
Answers on the Map
Answers color-coded by a green-red scale on the quiz's map according to % correct below.
 
Answer Stats
Region Type District % Correct
Baku City Baku
96%
Ganja-Dashkasan City Ganja
81%
Nakhchivan City Nakhchivan
78%
Guba-Khachmaz District Quba
78%
Lankaran-Astara City Lankaran
76%
Lankaran-Astara District Lankaran
76%
Shaki-Zagatala City Shaki
73%
Shaki-Zagatala District Shaki
73%
Absheron-Khizi City Sumgait
72%
Absheron-Khizi District Absheron
71%
Lankaran-Astara District Astara
71%
Karabakh District Shusha
70%
Gazakh-Tovuz District Qazax
69%
Shaki-Zagatala District Zagatala
69%
Guba-Khachmaz District Khachmaz
68%
Shirvan-Salyan City Şirvan
68%
Gazakh-Tovuz District Tovuz
68%
Karabakh District Aghdam
67%
Absheron-Khizi District Khizi
66%
East Zangezur District Lachin
64%
Guba-Khachmaz District Qusar
64%
Karabakh District Fuzuli
63%
Shirvan-Salyan District Salyan
63%
East Zangezur District Kalbajar
62%
Karabakh City Khankendi
62%
Karabakh District Khojaly
62%
Central Aran City Mingachevir
62%
Ganja-Dashkasan District Dashkasan
61%
Shaki-Zagatala District Qabala
61%
Mountainous Shirvan District Shamakhi
61%
East Zangezur District Zangilan
61%
Mountainous Shirvan District Ismayilli
60%
Lankaran-Astara District Lerik
60%
Shaki-Zagatala District Qakh
60%
Lankaran-Astara District Masally
59%
Shaki-Zagatala District Balakan
58%
East Zangezur District Jabrayil
58%
Nakhchivan District Ordubad
57%
Ganja-Dashkasan District Samukh
57%
Mountainous Shirvan District Agsu
56%
Mountainous Shirvan District Gobustan
56%
Shaki-Zagatala District Oghuz
56%
East Zangezur District Qubadli
56%
Central Aran City Yevlakh
56%
Central Aran District Yevlakh
56%
Gazakh-Tovuz District Gadabay
55%
Shirvan-Salyan District Neftchala
55%
Gazakh-Tovuz District Aghstafa
54%
Karabakh District Barda
54%
Karabakh District Khojavend
54%
Central Aran District Agdash
53%
Lankaran-Astara District Jalilabad
53%
Central Aran District Kurdamir
53%
Mil-Mughan District Saatly
53%
Karabakh District Tartar
53%
Shirvan-Salyan District Bilasuvar
52%
Mil-Mughan District Imishli
52%
Gazakh-Tovuz District Shamkir
52%
Ganja-Dashkasan District Goranboy
51%
Ganja-Dashkasan District Goygol
51%
Shirvan-Salyan District Hajigabul
51%
Nakhchivan District Julfa
51%
Guba-Khachmaz District Siyazan
51%
Lankaran-Astara District Yardimli
51%
Central Aran District Goychay
50%
Guba-Khachmaz District Shabran
50%
Karabakh District Aghjabadi
49%
Mil-Mughan District Beylagan
49%
Mil-Mughan District Sabirabad
49%
Central Aran District Ujar
49%
Nakhchivan District Sadarak
48%
Nakhchivan District Babek
47%
Nakhchivan District Sharur
47%
Central Aran District Zardab
46%
Nakhchivan District Shahbuz
45%
Ganja-Dashkasan City Naftalan
44%
Nakhchivan District Kangarli
35%
No matching quizzes found
Score Distribution
Percent of People with Each Score
Percentile by Number Answered
Your Score History
You have not taken this quiz since the last reset